Municipios del País Vasco (con un mapa) - Estadísticas

Estadísticas generales
  • Esta prueba ha sido intentada 4.951 veces
  • La puntuación promedio es 69 de 252
Respuestas en el mapa
Las respuestas están codificadas por una escala verde-roja en el mapa de la prueba según el % correcto abajo.
 
Estadísticas de respuestas
Provincia Municipio Poblaciо́n % Correcto
Bizkaia Bilbao 349 356
94%
Gipuzkoa Donostia-San Sebastián 186 500
92%
Araba Vitoria-Gasteiz 253 672
87%
Bizkaia Barakaldo 100 502
80%
Gipuzkoa Irun 61 113
80%
Bizkaia Getxo 79 839
78%
Gipuzkoa Eibar 27 439
74%
Bizkaia Portugalete 47 233
69%
Gipuzkoa Zarautz 22 760
69%
Gipuzkoa Hondarribia 16 795
66%
Bizkaia Gernika-Lumo 16 683
65%
Bizkaia Santurtzi 47 020
63%
Bizkaia Durango 28 691
61%
Bizkaia Bermeo 17 159
59%
Gipuzkoa Tolosa 18 836
59%
Gipuzkoa Arrasate-Mondragо́n 22 051
57%
Bizkaia Lekeitio 7 374
57%
Bizkaia Sestao 28 651
57%
Gipuzkoa Zumaia 9 626
57%
Bizkaia Basauri 41 799
56%
Bizkaia Amorebieta-Etxano 18 650
54%
Gipuzkoa Errenteria 39 178
54%
Gipuzkoa Getaria 2 686
53%
Gipuzkoa Deba 5 424
52%
Gipuzkoa Hernani 19 354
52%
Gipuzkoa Orio 5 524
51%
Gipuzkoa Azpeitia 14 509
50%
Bizkaia Ermua 16 247
50%
Bizkaia Leioa 30 637
50%
Gipuzkoa Pasaia 15 849
50%
Gipuzkoa Mutriku 5 225
49%
Bizkaia Ondarroa 8 687
49%
Bizkaia Plentzia 4 347
49%
Bizkaia Sopela 12 977
49%
Gipuzkoa Elgoibar 11 518
48%
Gipuzkoa Azkoitia 11 463
46%
Bizkaia Ea 864
46%
Bizkaia Galdakao 29 288
46%
Gipuzkoa Beasain 13 792
45%
Araba Laudio 17 906
45%
Bizkaia Mungia 17 022
45%
Gipuzkoa Lasarte-Oria 18 024
44%
Araba Amurrio 10 281
43%
Bizkaia Mundaka 1 929
43%
Bizkaia Muskiz 7 620
43%
Bizkaia Ortuella 8 397
43%
Bizkaia Bakio 2 628
42%
Bizkaia Balmaseda 7 833
42%
Bizkaia Erandio 24 457
42%
Araba Laguardia 1 483
42%
Gipuzkoa Bergara 14 763
41%
Gipuzkoa Zumarraga 10 094
41%
Gipuzkoa Lezo 6 054
40%
Gipuzkoa Aia 2 038
39%
Gipuzkoa Andoain 14 630
38%
Bizkaia Etxebarri 10 572
38%
Bizkaia Loiu 2 484
38%
Gipuzkoa Oiartzun 9 995
38%
Gipuzkoa Oñati 11 202
38%
Bizkaia Abanto-Zierbena 9 758
37%
Bizkaia Gorliz 5 607
37%
Bizkaia Derio 5 828
36%
Bizkaia Elorrio 7 294
36%
Gipuzkoa Legazpi 8 638
36%
Araba Leza 217
36%
Bizkaia Markina-Xemein 4 982
36%
Gipuzkoa Alegia 1 756
35%
Gipuzkoa Ibarra 4 268
35%
Bizkaia Urduña 4 246
35%
Bizkaia Arrigorriaga 12 374
34%
Bizkaia Elantxobe 393
34%
Bizkaia Valle de Trápaga 12 100
34%
Gipuzkoa Astigarraga 5 304
33%
Bizkaia Berango 6 947
33%
Gipuzkoa Ordizia 9 767
33%
Gipuzkoa Usurbil 6 111
33%
Bizkaia Abadiño 7 458
32%
Bizkaia Lezama 2 448
32%
Araba Salvatierra-Agurain 5 069
32%
Bizkaia Sondika 4 550
32%
Gipuzkoa Aretxabaleta 6 930
31%
Bizkaia Artea 760
31%
Bizkaia Zamudio 3 272
31%
Bizkaia Zierbena 1 479
31%
Bizkaia Karrantza Harana 2 775
30%
Bizkaia Zaldibar 3 042
30%
Gipuzkoa Anoeta 1 872
29%
Bizkaia Lemoiz 1 137
29%
Bizkaia Otxandio 1 291
29%
Gipuzkoa Zestoa 3 650
29%
Bizkaia Barrika 1 538
28%
Bizkaia Berriz 4 829
28%
Gipuzkoa Idiazabal 2 299
28%
Araba Labastida 1 538
28%
Gipuzkoa Villabona-Amasa 5 882
28%
Gipuzkoa Arama 217
27%
Bizkaia Lemoa 3 475
27%
Gipuzkoa Mendaro 1 981
27%
Bizkaia Urduliz 3 770
27%
Bizkaia Zalla 8 511
27%
Araba Alegría-Dulantzi 2 960
26%
Bizkaia Ispaster 715
26%
Gipuzkoa Urretxu 6 853
26%
Bizkaia Alonsotegi 2 827
25%
Araba Elciego 971
25%
Gipuzkoa Eskoriatza 4 064
25%
Bizkaia Güeñes 6 522
25%
Bizkaia Orozko 2 613
25%
Bizkaia Sopuerta 2 575
25%
Gipuzkoa Soraluze-Placencia de las Armas 4 018
25%
Bizkaia Dima 1 404
24%
Bizkaia Ibarrangelu 632
24%
Bizkaia Larrabetzu 2 016
24%
Gipuzkoa Lazkao 5 486
24%
Gipuzkoa Urnieta 6 214
24%
Gipuzkoa Zegama 1 547
24%
Bizkaia Busturia 1 717
23%
Bizkaia Etxebarria 805
23%
Araba Legutio 2 017
23%
Bizkaia Ugao-Miraballes 4 094
23%
Bizkaia Usansolo 4 570
23%
Bizkaia Arakaldo 130
22%
Araba Aramaio 1 431
22%
Gipuzkoa Ataun 1 681
22%
Bizkaia Berriatua 1 249
22%
Gipuzkoa Elgeta 1 139
22%
Bizkaia Igorre 4 229
22%
Bizkaia Iurreta 3 856
22%
Bizkaia Muxika 1 457
22%
Araba Oyо́n 3 408
22%
Gipuzkoa Zizurkil 2 994
22%
Gipuzkoa Berastegi 1 067
21%
Gipuzkoa Ezkio-Itsaso 602
21%
Bizkaia Gatika 1 611
21%
Araba Iruña de Oca 3 551
21%
Bizkaia Mallabia 1 212
21%
Araba Arraia-Maeztu 235
20%
Gipuzkoa Segura 1 473
20%
Bizkaia Turtzioz 535
20%
Bizkaia Zeanuri 1 290
20%
Araba Zuia 2 330
20%
Bizkaia Amoroto 402
19%
Gipuzkoa Antzuola 2 189
19%
Bizkaia Aulesti 648
19%
Gipuzkoa Gaztelu 170
19%
Gipuzkoa Irura 1 665
19%
Gipuzkoa Legorreta 1 491
19%
Gipuzkoa Leintz-Gatzaga 258
19%
Bizkaia Sukarrieta 360
19%
Gipuzkoa Aizarnazabal 770
18%
Gipuzkoa Amezketa 972
18%
Araba Ayala-Aiara 2 921
18%
Bizkaia Forua 978
18%
Bizkaia Galdames 822
18%
Bizkaia Gordexola 1 717
18%
Bizkaia Lanestosa 270
18%
Bizkaia Laukiz 1 148
18%
Bizkaia Mendexa 440
18%
Gipuzkoa Ormaiztegi 1 312
18%
Gipuzkoa Zaldibia 1 528
18%
Bizkaia Zaratamo 1 650
18%
Bizkaia Zeberio 1 084
18%
Bizkaia Ziortza-Bolibar 429
18%
Araba Añana 156
17%
Bizkaia Arantzazu 364
17%
Bizkaia Areatza 1 227
17%
Bizkaia Arrankudiaga 964
17%
Araba Artziniega 1 031
17%
Gipuzkoa Asteasu 1 513
17%
Bizkaia Bedia 1 020
17%
Bizkaia Gamiz-Fika 1 348
17%
Bizkaia Maruri-Jatabe 948
17%
Bizkaia Atxondo 1 386
16%
Gipuzkoa Errezil 606
16%
Bizkaia Garai 330
16%
Bizkaia Gautegiz Arteaga 895
16%
Bizkaia Morga 427
16%
Gipuzkoa Orexa 122
16%
Gipuzkoa Zerain 263
16%
Gipuzkoa Abaltzisketa 330
15%
Gipuzkoa Aduna 457
15%
Araba Campezo 1 094
15%
Bizkaia Fruiz 547
15%
Araba Harana 226
15%
Gipuzkoa Ikaztegieta 464
15%
Gipuzkoa Itsasondo 669
15%
Bizkaia Mañaria 517
15%
Bizkaia Meñaka 745
15%
Bizkaia Munitibar-Arbatzegi-Gerrikaitz 458
15%
Gipuzkoa Altzo 409
14%
Bizkaia Arrieta 545
14%
Bizkaia Artzentales 728
14%
Bizkaia Kortezubi 445
14%
Araba Lapuebla de Labarca 870
14%
Bizkaia Murueta 311
14%
Araba Okondo 1 187
14%
Gipuzkoa Olaberria 942
14%
Araba Ribera Alta-Erribera Goitia 820
14%
Araba Ribera Baja-Erribera Beitia 1 416
14%
Araba Valdegovía-Gaubea 1 097
14%
Araba Bernedo 560
13%
Bizkaia Ereño 249
13%
Gipuzkoa Gabiria 496
13%
Bizkaia Izurtza 279
13%
Araba Lanciego 724
13%
Gipuzkoa Mutiloa 252
13%
Araba Zigoitia 1 822
13%
Bizkaia Arratzu 387
12%
Araba Baños de Ebro-Mañueta 296
12%
Gipuzkoa Bidania-Goiatz 525
12%
Araba Elburgo 629
12%
Bizkaia Errigoiti 532
12%
Bizkaia Gizaburuaga 215
12%
Gipuzkoa Hernialde 352
12%
Araba Kuartango 421
12%
Bizkaia Mendata 368
12%
Bizkaia Nabarniz 232
12%
Bizkaia Ubide 176
12%
Bizkaia Ajangiz 450
11%
Gipuzkoa Alkiza 380
11%
Gipuzkoa Beizama 170
11%
Gipuzkoa Berrobi 564
11%
Gipuzkoa Elduain 239
11%
Araba Lantarо́n 931
11%
Gipuzkoa Lizartza 637
11%
Araba Peñacerrada 310
11%
Araba Yécora 247
11%
Araba Zalduondo 195
11%
Gipuzkoa Albiztur 322
10%
Araba Armiñо́n 1 810
10%
Araba Elvillar 316
10%
Gipuzkoa Gaintza 119
10%
Araba Kripan 176
10%
Gipuzkoa Larraul 259
10%
Gipuzkoa Orendain 192
10%
Araba Samaniego 311
10%
Araba San Millán-Donemiliaga 718
10%
Araba Urkabustaiz 1 408
10%
Araba Zambrana 425
10%
Gipuzkoa Altzaga 164
9%
Araba Asparrena 1 637
9%
Gipuzkoa Baliarrain 131
9%
Araba Lagrán 175
9%
Gipuzkoa Leaburu 362
9%
Araba Moreda de Álava 216
9%
Araba Navaridas 200
9%
Araba Arratzua-Ubarrundia 804
8%
Araba Barrundia 914
8%
Gipuzkoa Belauntza 269
8%
Araba Berantevilla 452
8%
Araba Villabuena de Álava-Eskuernaga 291
8%
Araba Iruraiz-Gauna 537
7%
No se encontraron pruebas coincidentes
Distribución de puntuación
Porcentaje de gente con cada puntuación
Porcentaje por número respondido
Historial de tus puntuaciones
No has intentado esta prueba.